|
|
|
|
| LEADER |
01171nam a2200337 a 4500 |
| 001 |
nkc20091995622 |
| 003 |
CZ PrNK |
| 005 |
20091130134226.0 |
| 007 |
ta |
| 008 |
090922s2009 xr g 000 f cze |
| 015 |
|
|
|a cnb001995622
|
| 020 |
|
|
|a 978-80-7294-319-7
|q (váz.)
|
| 035 |
|
|
|a (OCoLC)480947819
|
| 040 |
|
|
|a BOA001
|b cze
|
| 072 |
|
7 |
|a 821.162.3-3
|x Česká próza
|2 Konspekt
|9 25
|
| 080 |
|
|
|a 821.162.3-32
|2 MRF
|
| 080 |
|
|
|a (0:82-32)
|2 MRF
|
| 100 |
1 |
|
|a Beran, Stanislav,
|d 1977-
|7 mzk2003190522
|4 aut
|
| 245 |
1 |
0 |
|a Hliněné dny /
|c Stanislav Beran
|
| 250 |
|
|
|a 1. vyd.
|
| 260 |
|
|
|a Brno :
|b Host,
|c 2009
|
| 300 |
|
|
|a 164 s. ;
|c 21 cm
|
| 655 |
|
7 |
|a české novely
|7 fd133969
|2 czenas
|
| 655 |
|
9 |
|a Czech novellas
|2 eczenas
|
| 856 |
4 |
1 |
|u http://www.digitalniknihovna.cz/mzk/uuid/uuid:e677da40-072b-11e4-83c7-005056827e51
|y Digitalizovaný dokument
|x NDK
|
| 910 |
2 |
|
|a BOA001
|b 2-1230.098
|
| 990 |
|
|
|a BK
|
| 995 |
|
|
|a 01
|
| 991 |
|
|
|b 200910
|
| 996 |
6 |
|
|b 2610393523
|c 2-1230.098
|l MZK
|r Sklad / do 1 hodiny
|n 0
|p p.v.
|w 000969766
|u 000010
|a 1
|e BOA001
|j MZK50
|s P
|
| 996 |
7 |
|
|b 2610393524
|c 2-1230.098
|l MZK
|r Sklad / do 1 hodiny
|n 3
|p p.v.
|w 000969766
|u 000020
|a 1
|e BOA001
|j MZK50
|s A
|